000 01065 a2200241 4500
999 _c2019
_d2019
020 _a9780199259038
050 0 0 _aHD 6971 ACK 2003
100 _aAcker, Peter
245 0 0 _aUnderstanding work and employment :
_bindustrial relations in transition /
_cedited by Peter Ackers and Adrian Wilkinson.
264 _aNew york:
_bOxford,
_c2003
300 _axvi, 366 p. ;
_bill.
504 _aIncludes bibliographical references and index.
650 0 _aIndustrial relations.
650 0 _aWork.
650 0 _aEmployment (Economic theory)
700 1 _aAckers, Peter,
_d1957-
700 1 _aWilkinson, Adrian,
_d1963-
856 4 1 _3Table of contents only
_uhttp://www.loc.gov/catdir/toc/fy041/2003278005.html
856 4 2 _3Publisher description
_uhttp://www.loc.gov/catdir/enhancements/fy0615/2003278005-d.html
856 4 2 _3Contributor biographical information
_uhttp://www.loc.gov/catdir/enhancements/fy0725/2003278005-b.html
942 _2lcc
_cBK
_h6971
_iACK
_kHD